[Event "BOL-ch"]
[Site "Oruro"]
[Date "2024.04.06"]
[Round "8"]
[White "Titichoca Daza, Daniel Henry"]
[Black "Ticona Rocabado, Licael Roderick"]
[Result "1-0"]
[WhiteElo "2130"]
[BlackElo "2377"]
[PlyCount "87"]
[EventDate "2024.04.02"]
[EventType "tourn"]
[EventRounds "9"]
[EventCountry "BOL"]
[SourceTitle "CB16_2024"]
[SourceDate "2024.04.17"]
[SourceVersion "1"]
[SourceVersionDate "2024.04.17"]
[SourceQuality "1"]

1. e4 c5 2. Nf3 Nc6 3. d4 cxd4 4. Nxd4 g6 5. Nc3 Bg7 6. Be3 Nf6 7. Bc4 0-0 8. Bb3 d6 9. f3 Bd7 10. Qd2 Nxd4 11. Bxd4 b5 12. 0-0 Bc6 13. a4 b4 14. Nd5 Bxd5 15. Bxd5 Nxd5 16. Bxg7 Kxg7 17. exd5 Qb6+ 18. Kh1 Rac8 19. Rae1 Rc7 20. Re4 Rfc8 21. Rc1 Qa6 22. h4 b3 23. c3 Rc4 24. Rce1 Qxa4 25. h5 Rxe4 26. Rxe4 Rc4 27. Rxe7 Rh4+ 28. Kg1 Rxh5 29. Re4 Qd7 30. Qd4+ Kg8 31. g4 Re5 32. Rxe5 dxe5 33. Qxe5 Qa4 34. Kf2 Qb5 35. Qd4 f6 36. d6 Qd7 37. Qxf6 a5 38. c4 Qa7+ 39. Ke2 a4 40. Qd8+ Kg7 41. Qc7+ Qxc7 42. dxc7 a3 43. c8Q axb2 44. Qb7+ 1-0

[Event "Titled Tuesday intern op 27th Feb Late"]
[Site "Chess.com INT"]
[Date "2024.02.27"]
[Round "4"]
[White "Quesada Perez, Yasser"]
[Black "Ticona Rocabado, Licael Roderick"]
[Result "0-1"]
[WhiteElo "2584"]
[BlackElo "2371"]
[PlyCount "222"]
[EventDate "2024.02.27"]
[EventType "swiss (blitz)"]
[EventRounds "11"]
[EventCountry "USA"]
[SourceTitle "CB10_2024"]
[SourceDate "2024.03.06"]
[SourceVersion "1"]
[SourceVersionDate "2024.03.06"]
[SourceQuality "1"]

1. e4 e6 2. d3 d5 3. Nd2 Nf6 4. Ngf3 Be7 5. g3 0-0 6. Bg2 c5 7. 0-0 Nc6 8. Re1 b5 9. e5 Nd7 10. Nf1 c4 11. d4 b4 12. h4 a5 13. h5 c3 14. bxc3 bxc3 15. h6 g6 16. N1h2 a4 17. Ng4 Rb8 18. Re3 Qa5 19. Qe1 Ba6 20. Qxc3 Qxc3 21. Rxc3 Rfc8 22. a3 Na5 23. Rxc8+ Rxc8 24. Rb1 Rxc2 25. Bg5 Bxa3 26. Ra1 Nc4 27. Bf1 Rc3 28. Nd2 Rc1 29. Nb1 Bb5 30. Bxc1 Bxc1 31. Ra2 Ndb6 32. Nc3 Bc6 33. Nf6+ Kh8 34. Rc2 Bb2 35. Na2 a3 36. Nb4 Ba4 37. Re2 Bxd4 38. Kh2 Bxe5 39. Ng4 Bc3 40. Na2 Bb2 41. f4 Bd1 42. Rf2 Bxg4 43. Nb4 Bd1 44. Bd3 Bb3 45. Bb1 Na4 46. g4 Nc5 47. f5 exf5 48. gxf5 Ne3 49. Re2 Ng4+ 50. Kg3 Ne5 51. Kf4 Ncd7 52. Kg5 f6+ 53. Kf4 g5+ 54. Kg3 Kg8 55. Rd2 Bc4 56. Nxd5 Bxd5 57. Rxd5 Kf8 58. Ba2 Ke7 59. Ra5 Kd6 60. Ra6+ Nc6 61. Bb3 Nc5 62. Rb6 Nxb3 63. Ra6 Nc5 64. Ra7 Ne4+ 65. Kg4 Ne7 66. Ra6+ Kd5 67. Ra5+ Kd4 68. Ra4+ Kd3 69. Ra7 Nc3 70. Rd7+ Kc2 71. Rxe7 a2 72. Rxh7 a1Q 73. Rg7 Qh1 74. h7 Qh4+ 75. Kf3 g4+ 76. Kf4 g3+ 77. Kf3 Qh5+ 78. Kg2 Qh2+ 79. Kf3 g2 80. Rxg2+ Qxg2+ 81. Kxg2 Ne2 82. h8Q Nf4+ 83. Kf3 Nd3 84. Kg4 Ne5+ 85. Kh5 Nd3 86. Qc8+ Kd2 87. Kg6 Be5 88. Qc6 Ke3 89. Qb6+ Ke4 90. Qc6+ Ke3 91. Kf7 Nf4 92. Qb6+ Ke4 93. Qb1+ Ke3 94. Ke7 Kf3 95. Qc2 Kg4 96. Kf7 Nh3 97. Kg7 Nf4 98. Kh6 Kf3 99. Qd1+ Ke4 100. Qc2+ Kd4 101. Kg7 Kd5 102. Kf7 Kd4 103. Ke7 Ke3 104. Kd7 Kf3 105. Kc6 Kg4 106. Kc5 Kg5 107. Qe4 Nh5 108. Kd5 Ng3 109. Qf3 Nxf5 110. Ke6 Nd4+ 111. Kd5 Nxf3 0-1

[Event "Titled Tuesday intern op 27th Feb Late"]
[Site "Chess.com INT"]
[Date "2024.02.27"]
[Round "3"]
[White "Ticona Rocabado, Licael Roderick"]
[Black "Zhukov, Maksim"]
[Result "1-0"]
[WhiteElo "2371"]
[BlackElo "1835"]
[PlyCount "113"]
[EventDate "2024.02.27"]
[EventType "swiss (blitz)"]
[EventRounds "11"]
[EventCountry "USA"]
[SourceTitle "CB10_2024"]
[SourceDate "2024.03.06"]
[SourceVersion "1"]
[SourceVersionDate "2024.03.06"]
[SourceQuality "1"]

1. e4 c5 2. Nf3 e6 3. g3 a6 4. Bg2 b5 5. 0-0 Bb7 6. Re1 Be7 7. c3 Nc6 8. d4 cxd4 9. cxd4 d5 10. exd5 Qxd5 11. Ne5 Qd6 12. Bf4 g5 13. Nxf7 Qd7 14. Nxh8 gxf4 15. Qh5+ Kd8 16. Nf7+ Kc7 17. Nc3 fxg3 18. hxg3 Nf6 19. Qe2 Nxd4 20. Qe5+ Kb6 21. Rad1 Bxg2 22. Rxd4 Bd5 23. Nxd5+ Nxd5 24. Qxe6+ Qxe6 25. Rxe6+ Kc5 26. Rxd5+ Kxd5 27. Rxe7 Rc8 28. Re2 Rg8 29. Ne5 Re8 30. f4 h5 31. Kf2 b4 32. b3 a5 33. Kf3 Kd4 34. Rh2 Rh8 35. Nc4 a4 36. f5 axb3 37. axb3 Kc3 38. Nd2 Rd8 39. f6 Rf8 40. Ne4+ Kxb3 41. Rxh5 Kc2 42. Rc5+ Kd3 43. g4 Re8 44. Rd5+ Kc4 45. Rd7 Rf8 46. g5 b3 47. Nd2+ Kc3 48. Nxb3 Kxb3 49. f7 Kc4 50. g6 Ra8 51. g7 Ra3+ 52. Kg4 Kb5 53. f8Q Ra4+ 54. Kg5 Kc6 55. Qc8+ Kb5 56. Rb7+ Ka6 57. Qa8# 1-0

[Event "Araraquara op 2nd"]
[Site "Araraquara"]
[Date "2024.02.13"]
[Round "7"]
[White "Ticona Rocabado, Licael Roderick"]
[Black "De Oliveira, Jairo Quintiliano"]
[Result "1-0"]
[WhiteElo "2371"]
[BlackElo "1842"]
[PlyCount "105"]
[EventDate "2024.02.10"]
[EventType "swiss"]
[EventRounds "7"]
[EventCountry "BRA"]
[SourceTitle "CB09_2024"]
[SourceDate "2024.02.28"]
[SourceVersion "1"]
[SourceVersionDate "2024.02.28"]
[SourceQuality "1"]

1. d4 d5 2. c4 c6 3. e3 Nf6 4. Nf3 e6 5. Nbd2 Nbd7 6. Bd3 Bd6 7. 0-0 0-0 8. Qc2 h6 9. b3 Qe7 10. Bb2 e5 11. cxd5 cxd5 12. dxe5 Nxe5 13. Nxe5 Bxe5 14. Rac1 Bxb2 15. Qxb2 Be6 16. Nf3 Rfc8 17. Nd4 Qd6 18. Nb5 Qb6 19. Rxc8+ Rxc8 20. Rc1 Rxc1+ 21. Qxc1 Bd7 22. Nd4 Ne8 23. h3 a6 24. Bf5 Bxf5 25. Nxf5 Qc7 26. Qb2 Kh7 27. g4 g6 28. Ng3 Qe7 29. Qd4 Nf6 30. Ne2 Qd6 31. Nf4 Qc6 32. Kg2 g5 33. Nd3 Qe6 34. Nc5 Qc6 35. Nd3 Qe6 36. Kg1 Nd7 37. Qb4 b6 38. Qd4 a5 39. Qc3 Qd6 40. Ne1 Ne5 41. Kg2 Nc6 42. Nf3 Kg8 43. Qc2 Qg6 44. Qc1 Qf6 45. Qd2 Qe6 46. Ng1 Qe4+ 47. f3 Qe5 48. Ne2 Kg7 49. Ng3 Kf6 50. f4 gxf4 51. exf4 Qd4 52. Qe2 Nb4 53. g5+ 1-0

[Event "Araraquara op 2nd"]
[Site "Araraquara"]
[Date "2024.02.12"]
[Round "6"]
[White "Saito, Vinicius Ikezu"]
[Black "Ticona Rocabado, Licael Roderick"]
[Result "1-0"]
[WhiteElo "2147"]
[BlackElo "2371"]
[PlyCount "129"]
[EventDate "2024.02.10"]
[EventType "swiss"]
[EventRounds "7"]
[EventCountry "BRA"]
[SourceTitle "CB09_2024"]
[SourceDate "2024.02.28"]
[SourceVersion "1"]
[SourceVersionDate "2024.02.28"]
[SourceQuality "1"]

1. e4 b6 2. d4 Bb7 3. Bd3 Nf6 4. Qe2 e6 5. Nf3 d5 6. e5 Nfd7 7. Bg5 Be7 8. h4 h6 9. Bxe7 Qxe7 10. c3 c5 11. a3 Nc6 12. Nbd2 0-0-0 13. b4 c4 14. Bc2 f6 15. b5 Na5 16. h5 Kb8 17. Qe3 Rc8 18. Nh4 Rhe8 19. Ng6 Qf7 20. f4 Nf8 21. Nxf8 Rxf8 22. a4 a6 23. bxa6 Bxa6 24. Bg6 Qe7 25. exf6 Rxf6 26. 0-0 Ka7 27. Nf3 Nc6 28. Ne5 Nxe5 29. Qxe5 Qc7 30. Qxc7+ Rxc7 31. g3 Bc8 32. Kf2 Bd7 33. Ke3 Ka6 34. Bc2 Ra7 35. Rab1 Kb7 36. Rb4 Kc7 37. Rf2 Rf8 38. Bd1 b5 39. axb5 Ra1 40. b6+ Kb7 41. Bf3 Bc6 42. Re2 Rfa8 43. f5 Rf8 44. fxe6 Ra3 45. Rc2 Re8 46. Bg4 Bd7 47. Kf4 Bxe6 48. Bxe6 Rxe6 49. Rb5 Re4+ 50. Kf5 Re3 51. g4 Raxc3 52. Rxc3 Rxc3 53. Rxd5 Kxb6 54. Kg6 Rg3 55. Kxg7 Rxg4+ 56. Kxh6 c3 57. Rc5 Rg3 58. Kh7 Re3 59. h6 Rg3 60. Kh8 Re3 61. h7 Rg3 62. Rc8 Kb7 63. Rc4 Kb6 64. d5 Kb5 65. Rc7 1-0

[Event "Sao Paulo Sampa op"]
[Site "Sao Paulo"]
[Date "2024.02.01"]
[Round "5"]
[White "Ticona Rocabado, Licael Roderick"]
[Black "Perdomo, Leandro Daniel"]
[Result "1/2-1/2"]
[WhiteElo "2371"]
[BlackElo "2381"]
[PlyCount "81"]
[EventDate "2024.01.29"]
[EventType "swiss"]
[EventRounds "9"]
[EventCountry "BRA"]
[SourceTitle "CB06_2024"]
[SourceDate "2024.02.07"]
[SourceVersion "1"]
[SourceVersionDate "2024.02.07"]
[SourceQuality "1"]

1. d4 Nf6 2. c4 g6 3. Nc3 Bg7 4. e4 d6 5. Nf3 0-0 6. Be2 e5 7. 0-0 Nc6 8. d5 Ne7 9. b4 a5 10. Ba3 b6 11. bxa5 Rxa5 12. Bb4 Ra8 13. a4 Nh5 14. a5 bxa5 15. Bxa5 Nf4 16. Bxc7 Rxa1 17. Bxd8 Rxd1 18. Bxe7 Nxe2+ 19. Nxe2 Rxf1+ 20. Kxf1 Ba6 21. Bxf8 Kxf8 22. Nd2 Bh6 23. f4 exf4 24. Nd4 Bg7 25. Nb5 Ke7 26. Kf2 g5 27. Kf3 h5 28. Nb3 Be5 29. h3 Bc8 30. Na7 g4+ 31. hxg4 hxg4+ 32. Kf2 Bd7 33. Nc6+ Bxc6 34. dxc6 Kd8 35. Nc1 Kc7 36. Nd3 Kxc6 37. Ke2 f6 38. Nf2 f3+ 39. gxf3 gxf3+ 40. Kxf3 Kc5 41. Kg4 1/2-1/2

[Event "Florianopolis op 10th"]
[Site "Florianopolis"]
[Date "2024.01.24"]
[Round "6"]
[White "Galego, Luis"]
[Black "Ticona Rocabado, Licael Roderick"]
[Result "1/2-1/2"]
[WhiteElo "2468"]
[BlackElo "2350"]
[PlyCount "53"]
[EventDate "2024.01.20"]
[EventType "swiss"]
[EventRounds "10"]
[EventCountry "BRA"]
[SourceTitle "CB05_2024"]
[SourceDate "2024.01.31"]
[SourceVersion "1"]
[SourceVersionDate "2024.01.31"]
[SourceQuality "1"]

1. d4 d5 2. c4 e6 3. Nf3 Nf6 4. Nc3 c6 5. e3 Bd6 6. Qc2 0-0 7. a3 Nbd7 8. b4 e5 9. cxd5 cxd5 10. Nb5 Bb8 11. dxe5 Nxe5 12. Nxe5 Bxe5 13. Bb2 Bf5 14. Qb3 Bxb2 15. Qxb2 Ne4 16. Be2 a6 17. Nd4 Qf6 18. 0-0 Rac8 19. Rac1 Nd6 20. Rc5 Be6 21. a4 Ne4 22. Rxc8 Rxc8 23. Bd3 Bd7 24. a5 Nd6 25. Rc1 Nc4 26. Qe2 Qd6 27. Qe1 1/2-1/2

[Event "Iberoamerican-ch 9th"]
[Site "Panama City"]
[Date "2023.12.02"]
[Round "9"]
[White "Morales, Carlos1"]
[Black "Ticona Rocabado, Licael Roderick"]
[Result "1-0"]
[WhiteElo "2102"]
[BlackElo "2412"]
[PlyCount "81"]
[EventDate "2023.11.25"]
[EventType "swiss"]
[EventRounds "9"]
[EventCountry "PAN"]
[SourceTitle "CB49_2023"]
[SourceDate "2023.12.06"]
[SourceVersion "1"]
[SourceVersionDate "2023.12.06"]
[SourceQuality "1"]

1. c4 e5 2. Nc3 f5 3. g3 Nf6 4. Nf3 d6 5. d4 e4 6. Nh4 g6 7. Ng2 Bg7 8. h4 Be6 9. Nf4 Bf7 10. h5 Nxh5 11. Nxh5 gxh5 12. e3 0-0 13. Be2 Nd7 14. Nd5 c5 15. Bxh5 Bxd5 16. cxd5 cxd4 17. exd4 Qa5+ 18. Kf1 Qxd5 19. Be3 Rac8 20. Kg2 Nb6 21. b3 Qe6 22. Be2 Nd5 23. Qd2 Nxe3+ 24. fxe3 d5 25. Rac1 Bh6 26. Kf2 Kg7 27. Rxc8 Rxc8 28. Rc1 Rg8 29. Qa5 Kh8 30. Qc7 Qf6 31. Rh1 Rf8 32. Rh5 Rf7 33. Rxh6 Qxh6 34. Qxf7 Qh2+ 35. Ke1 Qxg3+ 36. Kd2 Qd6 37. Qxf5 Qb4+ 38. Kd1 Kg7 39. Qg5+ Kf8 40. Qf6+ Ke8 41. Qh8+ 1-0

[Event "Oruro Baptista Memorial"]
[Site "Oruro"]
[Date "2023.11.03"]
[Round "6"]
[White "Ticona Rocabado, Licael Roderick"]
[Black "Ribera, Miguel Angel"]
[Result "0-1"]
[WhiteElo "2412"]
[BlackElo "1923"]
[PlyCount "114"]
[EventDate "2023.11.01"]
[EventType "swiss"]
[EventRounds "9"]
[EventCountry "BOL"]
[SourceTitle "Mega2024 Update 01"]
[Source "Chessbase"]
[SourceDate "2023.11.12"]
[SourceVersion "1"]
[SourceVersionDate "2023.11.12"]
[SourceQuality "1"]

1. d4 Nf6 2. c4 e6 3. Nf3 d5 4. e3 Be7 5. Nc3 0-0 6. Bd3 dxc4 7. Bxc4 c5 8. 0-0 cxd4 9. Nxd4 Qc7 10. Qe2 e5 11. Ndb5 Qc6 12. e4 Be6 13. Nd5 Bd8 14. Nxf6+ Bxf6 15. Bxe6 fxe6 16. Be3 a6 17. a4 Qxe4 18. Nc7 Nc6 19. Nxa8 Rxa8 20. f3 Qb4 21. Rfd1 Rd8 22. Rxd8+ Bxd8 23. Qd2 Bb6 24. Kh1 Bxe3 25. Qxe3 Qxb2 26. Qa3 Qxa3 27. Rxa3 b5 28. Rc3 Nd4 29. a5 Kf8 30. Rc8+ Ke7 31. Ra8 Kd6 32. Rxa6+ Kc5 33. Ra7 b4 34. a6 b3 35. Rc7+ Kb6 36. Rc1 Kxa6 37. Re1 Kb5 38. Kg1 Kc4 39. Rxe5 b2 40. Re1 Kd3 41. Kf2 Kc2 42. Ke3 Nb3 43. Re2+ Kc3 44. Rxb2 Kxb2 45. Ke4 Kc3 46. Ke5 Nd4 47. Ke4 Nc6 48. f4 Kc4 49. h4 Kc5 50. h5 Kd6 51. g4 Ke7 52. g5 Kf7 53. Ke3 Ne7 54. Ke4 Nf5 55. Ke5 Ng3 56. g6+ hxg6 57. hxg6+ Kxg6 0-1

[Event "Titled Tuesday intern op 24th Oct Late"]
[Site "Chess.com INT"]
[Date "2023.10.24"]
[Round "2"]
[White "Skaric, Djuro"]
[Black "Ticona Rocabado, Licael Roderick"]
[Result "0-1"]
[WhiteElo "2334"]
[BlackElo "2412"]
[PlyCount "56"]
[EventDate "2023.10.24"]
[EventType "swiss (blitz)"]
[EventRounds "11"]
[EventCountry "USA"]
[SourceTitle "Mega2024 Update 01"]
[Source "Chessbase"]
[SourceDate "2023.11.12"]
[SourceVersion "1"]
[SourceVersionDate "2023.11.12"]
[SourceQuality "1"]

1. g3 d5 2. Bg2 e6 3. d3 Nf6 4. Nf3 Be7 5. 0-0 0-0 6. h3 c5 7. Nc3 Nc6 8. e4 dxe4 9. dxe4 Qd6 10. Be3 Qc7 11. Nd2 Rd8 12. f4 b6 13. e5 Nd5 14. Nxd5 exd5 15. Bf2 Ba6 16. Re1 d4 17. Qf3 Bb7 18. Qg4 Nb4 19. Bxb7 Qxb7 20. Ne4 Nxc2 21. Nf6+ Kh8 22. Qf5 gxf6 23. exf6 Bf8 24. Re5 Nxa1 25. Qg5 Re8 26. Rf5 Qe4 27. Qg4 Qe2 28. Qh5 Qxh5 0-1

[Event "Titled Tuesday intern op 12th Sep Late"]
[Site "Chess.com INT"]
[Date "2023.09.12"]
[Round "1"]
[White "Santos Latasa, Jaime"]
[Black "Ticona Rocabado, Licael Roderick"]
[Result "1-0"]
[WhiteElo "2647"]
[BlackElo "2418"]
[PlyCount "131"]
[EventDate "2023.09.12"]
[EventType "swiss (blitz)"]
[EventRounds "11"]
[EventCountry "USA"]
[SourceTitle "EXT 2024"]
[Source "ChessBase"]
[SourceDate "2023.10.10"]
[SourceVersion "1"]
[SourceVersionDate "2023.10.10"]
[SourceQuality "1"]

1. Nf3 d5 2. b4 e6 3. Bb2 Nf6 4. a3 a5 5. b5 Be7 6. e3 0-0 7. c4 c5 8. bxc6 bxc6 9. Be2 Ba6 10. 0-0 Nbd7 11. Qc2 Rb8 12. d3 dxc4 13. dxc4 Nc5 14. Nbd2 a4 15. Rab1 Nb3 16. Be5 Bd6 17. Nxb3 axb3 18. Rxb3 Bxe5 19. Nxe5 Qd6 20. Rxb8 Rxb8 21. Nxf7 Kxf7 22. c5 Qe5 23. Bxa6 Ra8 24. Qb3 Rb8 25. Qa4 Qxc5 26. Be2 Rb7 27. Bf3 Ra7 28. Qf4 e5 29. Qb4 Qxb4 30. axb4 e4 31. Be2 Rb7 32. Rb1 Ke7 33. Bc4 Nd7 34. h3 Ne5 35. Bg8 Kf8 36. Be6 g6 37. Kh2 Nd3 38. Kg3 Rxb4 39. Ra1 Ke7 40. Bg8 h5 41. Ra7+ Kd6 42. Bh7 Ne5 43. Rg7 c5 44. Bxg6 c4 45. Bxe4 c3 46. Bf5 Rb2 47. f4 Nc4 48. Rd7+ Kc5 49. Rc7+ Kb4 50. Kf3 Nd2+ 51. Ke2 Nc4+ 52. Kf3 Nd2+ 53. Kg3 Nf1+ 54. Kh4 Nxe3 55. Be4 Nxg2+ 56. Kg5 Ne3 57. f5 c2 58. f6 Rb1 59. Bxc2 Rg1+ 60. Kh6 Rc1 61. f7 Rf1 62. Bg6 Nd5 63. Rc8 Ne7 64. f8Q Rxf8 65. Rxf8 Nxg6 66. Kxg6 1-0

[Event "Titled Tuesday intern op 12th Sep Late"]
[Site "Chess.com INT"]
[Date "2023.09.12"]
[Round "6"]
[White "Ticona Rocabado, Licael Roderick"]
[Black "Domingo Nunez, Ruben"]
[Result "0-1"]
[WhiteElo "2418"]
[BlackElo "2417"]
[PlyCount "136"]
[EventDate "2023.09.12"]
[EventType "swiss (blitz)"]
[EventRounds "11"]
[EventCountry "USA"]
[SourceTitle "EXT 2024"]
[Source "ChessBase"]
[SourceDate "2023.10.10"]
[SourceVersion "1"]
[SourceVersionDate "2023.10.10"]
[SourceQuality "1"]

1. e3 g6 2. d4 Bg7 3. c4 d6 4. Nc3 Nd7 5. Nf3 e5 6. dxe5 dxe5 7. Be2 c6 8. 0-0 Ngf6 9. Nd2 0-0 10. Qc2 Qe7 11. b3 h5 12. Bb2 h4 13. Rad1 h3 14. g3 Re8 15. Rfe1 e4 16. Bf1 Ne5 17. Ncxe4 Nxe4 18. Qxe4 Bg4 19. Be2 Bxe2 20. Rxe2 Rad8 21. Bxe5 Bxe5 22. Qc2 Qf6 23. f4 Bc7 24. Nf1 Bb6 25. Rxd8 Qxd8 26. c5 Bc7 27. Qd2 Qe7 28. b4 Qe4 29. a3 Rd8 30. Qe1 Rd3 31. Nd2 Qe6 32. Nf3 Rxa3 33. Kf2 a5 34. bxa5 Bxa5 35. Qb1 Rb3 36. Qa1 Bc3 37. Qa8+ Kg7 38. Qd8 Bf6 39. Qb8 Qe4 40. Qc8 Rb1 41. Qxh3 Qc4 42. Nd2 Qc2 43. Nxb1 Qxb1 44. Qd7 Qb5 45. Qd6 Qb1 46. e4 Qh1 47. Ke3 Bc3 48. Kd3 Qd1+ 49. Kxc3 Qxe2 50. Qd4+ Kg8 51. Qd8+ Kh7 52. Qd3 Qxh2 53. Kd4 Qg1+ 54. Ke5 Qxc5+ 55. Kf6 Qf8 56. Qd7 Qg7+ 57. Ke7 f5+ 58. Kd6 Qxd7+ 59. Kxd7 fxe4 60. g4 Kg7 61. Ke7 e3 62. f5 e2 63. f6+ Kh6 64. f7 e1Q+ 65. Kd8 Qf2 66. Ke8 Kg5 67. f8Q Qxf8+ 68. Kxf8 Kxg4 0-1

[Event "Titled Tuesday intern op 12th Sep Late"]
[Site "Chess.com INT"]
[Date "2023.09.12"]
[Round "2"]
[White "Ticona Rocabado, Licael Roderick"]
[Black "Estremera Panos, Sergio"]
[Result "1-0"]
[WhiteElo "2418"]
[BlackElo "2234"]
[PlyCount "23"]
[EventDate "2023.09.12"]
[EventType "swiss (blitz)"]
[EventRounds "11"]
[EventCountry "USA"]
[SourceTitle "EXT 2024"]
[Source "ChessBase"]
[SourceDate "2023.10.10"]
[SourceVersion "1"]
[SourceVersionDate "2023.10.10"]
[SourceQuality "1"]

1. e4 c5 2. Nf3 Nc6 3. Bc4 e6 4. 0-0 g6 5. c3 Bg7 6. d4 Nge7 7. d5 exd5 8. exd5 Nb8 9. d6 Nf5 10. Bg5 Qb6 11. Re1+ Kf8 12. Qd5 1-0

[Event "Niteroi op 3rd"]
[Site "Niteroi"]
[Date "2023.09.04"]
[Round "1"]
[White "Pereira, Arthur Macedo"]
[Black "Ticona Rocabado, Licael Roderick"]
[Result "0-1"]
[WhiteElo "1720"]
[BlackElo "2418"]
[PlyCount "74"]
[EventDate "2023.09.04"]
[EventType "swiss"]
[EventRounds "9"]
[EventCountry "BRA"]
[SourceTitle "EXT 2024"]
[Source "ChessBase"]
[SourceDate "2023.10.10"]
[SourceVersion "1"]
[SourceVersionDate "2023.10.10"]
[SourceQuality "1"]

1. Nf3 d5 2. e3 Nf6 3. c4 e6 4. Nc3 c6 5. b3 Bd6 6. d4 Nbd7 7. Bb2 0-0 8. Bd3 Qe7 9. 0-0 e5 10. dxe5 Nxe5 11. Be2 dxc4 12. bxc4 Nxf3+ 13. Bxf3 Be6 14. Qe2 Rfd8 15. Ne4 Nxe4 16. Bxe4 Bxh2+ 17. Kxh2 Qh4+ 18. Kg1 Qxe4 19. Rac1 Rd3 20. Qc2 Bf5 21. Rfd1 Rxe3 22. Qd2 Re2 23. Qc3 f6 24. Rd4 Qe6 25. Rcd1 Re8 26. Rd8 Rxd8 27. Rxd8+ Kf7 28. Ba3 Qe5 29. Qxe5 Rxe5 30. Rb8 Re1+ 31. Kh2 Rb1 32. f3 Be6 33. f4 Bxc4 34. f5 g6 35. Rf8+ Kg7 36. Be7 gxf5 37. Rxf6 Re1 0-1

[Event "Titled Tuesday intern op 29th Aug Late"]
[Site "Chess.com INT"]
[Date "2023.08.29"]
[Round "3"]
[White "Ferrufino, Boris"]
[Black "Ticona Rocabado, Licael Roderick"]
[Result "0-1"]
[WhiteElo "1919"]
[BlackElo "2415"]
[PlyCount "78"]
[EventDate "2023.08.29"]
[EventType "swiss (blitz)"]
[EventRounds "11"]
[EventCountry "USA"]
[SourceTitle "EXT 2024"]
[Source "ChessBase"]
[SourceDate "2023.10.10"]
[SourceVersion "1"]
[SourceVersionDate "2023.10.10"]
[SourceQuality "1"]

1. d4 d5 2. Nf3 Nf6 3. Bf4 e6 4. e3 c5 5. c3 Nc6 6. Bd3 Bd6 7. Bg3 0-0 8. 0-0 Qe7 9. Nbd2 e5 10. dxe5 Nxe5 11. Nxe5 Bxe5 12. Bxe5 Qxe5 13. Nf3 Qe7 14. h3 h6 15. Re1 Rd8 16. Be2 Bf5 17. Nh2 Ne4 18. Bf3 Rd6 19. Bg4 Bh7 20. Qe2 Re8 21. Rad1 Rf6 22. Bf3 Rd6 23. g3 Ng5 24. Bg2 Be4 25. h4 Bxg2 26. Kxg2 Ne4 27. Nf3 Red8 28. Rd3 Rg6 29. Red1 Qe6 30. Nh2 Rf6 31. f4 Rg6 32. g4 h5 33. f5 Qxf5 34. g5 f6 35. Qf3 Qe6 36. Qf4 fxg5 37. hxg5 Rxg5+ 38. Kh1 Rf8 39. Qh4 Nf2+ 0-1